Countries with 'MB' Quiz Stats

 Plays Quiz Updated Mar 30, 2020

Support Sporcle.
Go Orange.
Score 0/7 Timer 02:00
1 Play Today
% Correct
Zambia
75.4%
Zimbabwe
70.1%
The Gambia
65.3%
Colombia
47.5%
Mozambique
43.9%
Cambodia
43.4%
Luxembourg
20.7%

From the Vault

Phobias: Multiple Choice

by NO_r_WAY

Sporclephobia - The fear of clicking the wrong answer on a multiple choice quiz.
Remove Ads.
Support Sporcle.
Get the best of Sporcle when you Go Orange. This ad-free experience offers more features, more stats, and more fun while also helping to support Sporcle. Thank you for becoming a member.

Show Comments

Extras

Top Quizzes Today


Score Distribution

Your Account Isn't Verified!

In order to create a playlist on Sporcle, you need to verify the email address you used during registration. Go to your Sporcle Settings to finish the process.

Report this User

Report this user for behavior that violates our Community Guidelines.

Details: